000 01538nam a22002297a 4500
001 EIF-VIII-2013-M4-002
003 OSt
005 20221221120719.0
008 221221b |||||||| |||| 00| 0 eng d
040 _aFundación Jesús Pereda
_cFundación Jesús Pereda
041 _aCastellano
100 _uUniversidad del País Vasco
_aFernández Redondo, Iñaki
_9672
111 _aEncuentro de Investigadores del Franquismo
_c(Barcelona.
_d2013.
_n8º)
_9100
245 _aFalange Española y la construcción de la dictadura franquista en el País Vasco
_c/Iñaki Fernández Redondo
520 _aEl cometido de esta comunicación es realizar un recorrido por el devenir de FE/JONS en las tres provincias vascas y determinar el alcance real que tuvo el fascismo en estos territorios. Analizaremos su penetración en las provincias, su implantación política durante la II República y su actuación durante la Guerra Civil. El objetivo es determinar cómo su trayectoria previa influyó en el papel que desempeñó en la implantación de la dictadura franquista así como la influencia que ejerció en la institucionalización del nuevo régimen.
610 0 _9306
_aFalange Española Tradicionalista y de las Juntas de Ofensiva Nacional Sindicalista (FET y de las JONS)
650 0 _9594
_aDictadura
651 0 _9118
_aPaís Vasco
773 _tActas del VIII Encuentro de Investigadores del Franquismo
856 _uhttps://bibliotecaccoocyl.fundacionjesuspereda.es/cgi-bin/koha/opac-retrieve-file.pl?id=5b23a3fae0a5ff859b87a56fbd286f00
942 _2ddc
_cCF
_n0
999 _c430
_d430